| 000 | 01566nam a2200373 i 4500 | ||
|---|---|---|---|
| 001 | 000046857 | ||
| 003 | DO-SdBNP | ||
| 005 | 20251212090035.0 | ||
| 007 | ta | ||
| 008 | 180403s2015 dr 000 0 spa d | ||
| 020 | _a9789945582291 (volumen) | ||
| 020 | _a9789945443622 (serie) | ||
| 040 |
_aDO-SdBNP _bspa _cBNPHU _erda |
||
| 082 | 4 |
_a330.97293 _bC744nu, 2014 _222 |
|
| 111 | 1 |
_aConcurso de Economía de la Biblioteca Juan Pablo Duarte 2014 _d(2014 : _cSanto Domingo ) _984456 |
|
| 245 | 1 | 0 |
_aNueva literatura económica dominicana : _bmenciones de honor del Concurso de Economía Biblioteca ¨Juan Pablo Duarte 2014¨. _cedición José Almánzar Alcántara, Elvis Francis Soto |
| 264 | 4 |
_aSanto Domingo : _bBanco Central de la República Dominicana, _c2015. |
|
| 300 |
_axi, 186 páginas ; _c23 cm. |
||
| 336 |
_2rdacontent _atexto _btxt |
||
| 337 |
_2rdamedia _asin mediación _bn |
||
| 338 |
_2rdacarrier _avolumen _bnc |
||
| 490 |
_aBanco Central de la República Dominicana _v218 |
||
| 490 |
_aNueva literatura económica _v19 |
||
| 500 | _aIncluye referencias bibliográficas y notas al pie de las páginas | ||
| 500 | _aIncluye bibliografías | ||
| 590 | _aInventariado, 2018/BT | ||
| 650 | 4 |
_aCambio exterior _zRepública Dominicana _95999 |
|
| 650 | 4 |
_aPensiones _zRepública Dominicana _978841 |
|
| 650 | 0 |
_aImpuestos _zRepública Dominicana _98380 |
|
| 700 | 1 |
_aAlcántara Almánzar, José, _eedición _987139 |
|
| 700 | 1 |
_aSoto, Elvis Francis, _eedición _939156 |
|
| 910 | _aBtavárez/Validado. Control de calidad MFF | ||
| 942 |
_2ddc _cLBS1 |
||
| 999 |
_c46346 _d46346 |
||